Introducing Paper

Bibliographic Details
Main Author: Brown, T. (Author)
Format: Book
Language:Undetermined
PhysicalDescription:73 s.
Published: London J. Whitaker & SONS, LTD 1941

MARC

LEADER 00000nam a2200000 a 4500
001 vtls001381880
003 SK-MaSNL
005 20260301161407.0
008 240314s1941 xx 0 und
035 |a SNK000335915 
040 |a SNK  |b slo  |c SNK  |e AACR2 
100 1 |a Brown, T.  |4 aut  |9 524346 
245 1 0 |a Introducing Paper 
260 |a London  |b J. Whitaker & SONS, LTD  |c 1941 
300 |a 73 s. 
999 |c 809278  |d 811208 
952 |t P60, <04>, [BOOK], {604}  |a SNK  |b SNK  |y VYP  |7 0  |p 17A0225635  |o snkID 20406  |0 0  |1 0  |4 0  |d 2000-01-31  |l 0  |r 2005-01-02 00:00:00  |w 2026-02-24